002150000a220007300045001000025000002450030000253000039000557730047000941 aRobinson, Bernard P.10aMoses at the burning bush aNúm 75 (1997), Páginas 107-1220 tJournal for the Study of the Old Testament